Los cuatro viajes del Almirante y su testamento

Na minha lista:
Detalhes bibliográficos
Autor principal: Colón, Cristóbal (Author)
Formato: Livro
Idioma:espanhol
Publicado em: Madrid Espasa-Calpe 1982
Edição:8a. ed
Colecção:Colección Austral, 633
Assuntos:
Tags: Adicionar Tag
Sem tags, seja o primeiro a adicionar uma tag!

MARC

LEADER 00000nam a2200000 a 4500
001 UCV9896
003 CL-VaPUC
008 930713e19820000SP |||||||||||||||||spa|d
082 0 4 |a 910.4  |b COL  |2 21 
100 0 |a Colón, Cristóbal  |e author  |9 265189 
245 1 4 |a Los cuatro viajes del Almirante y su testamento 
250 |a 8a. ed 
300 |a 221 p 
942 |c BK 
945 |d 19930713 00:00:00 
260 |a Madrid  |b Espasa-Calpe  |c 1982 
650 7 |a DESCUBRIMIENTO Y EXPLORACIONES  |2 CL-VaPUC  |9 303887 
650 7 |a ESPAÑOLES SIGLO 16  |2 CL-VaPUC  |9 265191 
651 0 |a América  |9 255182 
583 |a last modification  |c 19930713 00:00:00  |k Rodrigo Vera 
490 0 |a Colección Austral, 633 
999 |c 215167  |d 215165 
952 |0 0  |1 0  |4 0  |6 910_400000000000000_COL_1982  |7 0  |8 A  |9 199183  |a BIBARQ  |b BIBARQ  |d 2019-11-14  |i 2665107  |o 910.4 COL 1982  |p 2665107  |r 2025-01-20  |w 2019-11-14  |y BK  |k ARQ 
952 |0 0  |1 0  |4 0  |6 910_400000000000000_COL_1982  |7 0  |8 A  |9 199184  |a BIBHIS  |b BIBHIS  |d 2019-11-14  |i 1258443  |o 910.4 COL 1982  |p 1258443  |r 2025-01-20  |w 2019-11-14  |y BK  |k HIS